Biomimetic Design Method for Innovation and Sustainability /
Saved in:
| Main Authors: | , |
|---|---|
| Format: | Book |
| Language: | English |
| Published: |
Basel :
Springer International Publishing Switzerland,
2016
|
| Edition: | 1. vydanie |
| Subjects: | |
| Tags: |
No Tags, Be the first to tag this record!
|
MARC
| LEADER | 00000nam a22000003a 4500 | ||
|---|---|---|---|
| 001 | 0069622 | ||
| 003 | SK-STU | ||
| 005 | 20190403124841.5 | ||
| 007 | ta | ||
| 008 | 181210s ----xo-----e------000-0-----d | ||
| 020 | |a 978-3-319-33996-2 | ||
| 040 | |a STU |b slo | ||
| 041 | 0 | |a eng | |
| 044 | |a sz | ||
| 100 | 1 | |a Helfman Cohen, Yael |4 aut | |
| 245 | 1 | 0 | |a Biomimetic Design Method for Innovation and Sustainability / |c aut. Yael Helfman Cohen, Yoram Reich |
| 250 | |a 1. vydanie | ||
| 260 | |a Basel : |b Springer International Publishing Switzerland, |c 2016 | ||
| 300 | |a 254 s. | ||
| 650 | 0 | 7 | |a architektonické navrhovanie |
| 650 | 0 | 7 | |a inovácie |
| 650 | 0 | 7 | |a udržateľnosť |
| 650 | 0 | 7 | |a biomimetika |
| 700 | 1 | |a Reich, Yoram |4 aut | |
| 996 | |b 284AU07808 |c A* 11067/U |l AA5150 |s P |a 0 |w 0069622_0001 | ||